000 00444nam a2200181Ia 4500
001 600
005 20260306140529.0
008 260306t2015||||xx |||||||||||||| ||spa||
041 _aESP
082 _a128
_bM27
100 _aMasiá Clavel, Juan
_eAUT
245 0 _aAnimal vulnerable :
_bcurso de antropología filosófica
260 _c2015
300 _a303 páginas :
_c23 cm.
650 _aGEN
654 _aCHU
942 _cLIB
_dJUS
_fJUS
_2ddc
_n
999 _c600
_d600